Statistics for Best Football Players 2010-1019

Click here to take the quiz!

General Stats

  • This quiz has been taken 93 times
  • The average score is 75 of 100

Answer Stats

Main ClubNationalityAnswer% Correct
BarcelonaArgentinaMessi
100%
BarcelonaBrazilNeymar
100%
Real MadridPortugalRonaldo
100%
BarcelonaUruguaySuarez
100%
BarcelonaSpainIniesta
99%
BarcelonaSpainXavi
99%
Real MadridCroatiaModric
97%
Bayern MunichPolandLewandowski
96%
Real MadridSpainRamos
96%
Real MadridFranceBenzema
93%
TottenhamEnglandKane
91%
Manchester CityArgentinaAguero
88%
Manchester CityBelgiumDe Bruyne
88%
PSGSwedenIbrahimovic
88%
Bayern MunichNetherlandsRobben
88%
Real MadridWalesBale
87%
PSGUruguayCavani
87%
Real MadridGermanyKroos
87%
Real MadridBrazilMarcelo
87%
LiverpoolEgyptSalah
87%
LiverpoolNetherlandsvan Dijk
87%
BarcelonaSpainBusquets
86%
Bayern MunichFranceRibery
86%
BarcelonaBrazilAlves
84%
JuventusItalyBuffon
84%
ChelseaBelgiumHazard
84%
LiverpoolSenegalMane
84%
Real MadridFranceVarane
84%
JuventusItalyChiellini
83%
Manchester CitySpainDavid Silva
83%
Atletico MadridFranceGriezmann
83%
Bayern MunichGermanyLahm
83%
BarcelonaSpainPique
83%
Chelsea / Atletico MadridBelgiumCourtois
81%
PSGArgentinaDi Maria
81%
ChelseaIvory CoastDrogba
81%
PSGFranceMbappe
81%
Bayern MunichGermanyNeuer
81%
ArsenalGermanyOzil
81%
Manchester UnitedEnglandRooney
81%
PSGBrazilThiago Silva
81%
BarcelonaSpainAlba
80%
JuventusItalyBonucci
80%
Manchester UnitedSpainde Gea
80%
ChelseaFranceKante
80%
Manchester United / ArsenalNetherlandsvan Persie
80%
ChelseaCzech RepublicCech
78%
MonacoColombiaFalcao
78%
LiverpoolEnglandGerrard
78%
Atletico MadridUruguayGodin
78%
Real MadridColombiaJames Rodriguez
78%
DortmundGermanyReus
78%
Leicester CityEnglandVardy
78%
DortmundGabonAubameyang
77%
DortmundGermanyHummels
77%
Real MadridCosta RicaNavas
75%
BarcelonaSpainPuyol
75%
Manchester UnitedSerbiaVidic
75%
Manchester CityBelgiumKompany
74%
ChelseaEnglandLampard
74%
EvertonBelgiumLukaku
74%
Atletico MadridSloveniaOblak
74%
Manchester UnitedFrancePogba
74%
Manchester CityIvory CoastYaya Toure
74%
TottenhamFranceLloris
72%
Bayern MunichGermanyMuller
72%
Barcelona / ChelseaSpainPedro
72%
ChelseaEnglandTerry
72%
Bayern MunichGermanyBoateng
71%
ChelseaSpainFabregas
71%
Bayern MunichAustriaAlaba
70%
Real MadridSpainCasillas
70%
Real MadridPortugalPepe
70%
ArsenalChileAlexis Sanchez
68%
JuventusItalyPirlo
68%
Inter MilanNetherlandsSneijder
68%
LiverpoolBrazilFirmino
67%
JuventusArgentinaHiguain
67%
BarcelonaArgentinaMascherano
67%
Real MadridSpainCarvajal
65%
AntalyasporCameroonEtoo
65%
Manchester CityEnglandSterling
65%
LiverpoolBrazilAlisson
62%
LazioGermanyKlose
62%
JuventusCroatiaMandzukic
59%
Bayern MunichSpainThiago
59%
Real MadridSpainAlonso
58%
Manchester UnitedEnglandFerdinand
58%
ChelseaSpainTorres
57%
RomaItalyde Rossi
55%
Bayern MunichGermanySchweinsteiger
55%
BarcelonaSpainVilla
55%
ChelseaEnglandAshley Cole
51%
JuventusItalyBarzagli
49%
Atletico MadridUruguayForlan
48%
Manchester CityArgentinaTevez
48%
UdineseItalyDi Natale
46%
ChelseaSerbiaIvanovic
43%
Atletico MadridSpainDiego Costa
30%
Inter MilanBrazilMaicon
30%

Score Distribution

Percentile by Number Answered

Percent of People with Each Score

Your Score History

You have not taken this quiz